A Christmas Carol : (Record no. 6942)

MARC details
000 -LEADER
fixed length control field 00814nam a22002537a 4500
001 - CONTROL NUMBER
control field 6942
003 - CONTROL NUMBER IDENTIFIER
control field FISKH
005 - DATE AND TIME OF LATEST TRANSACTION
control field 20250611114346.0
008 - FIXED-LENGTH DATA ELEMENTS--GENERAL INFORMATION
fixed length control field 250611b cb ||||| |||| 00| 0 eng d
020 ## - INTERNATIONAL STANDARD BOOK NUMBER
International Standard Book Number 078073003501
040 ## - CATALOGING SOURCE
Original cataloging agency FISKH
Language of cataloging eng
Transcribing agency FISKH
Modifying agency FISKH
050 ## - LIBRARY OF CONGRESS CALL NUMBER
Classification number PR4572 .C68
082 ## - DEWEY DECIMAL CLASSIFICATION NUMBER
Classification number 823.83
100 ## - MAIN ENTRY--PERSONAL NAME
Personal name Dickens, Charles
245 ## - TITLE STATEMENT
Title A Christmas Carol :
Remainder of title The famous story of Scrooge and Tiny Tim /
Statement of responsibility, etc. By Charles Dickens
260 ## - PUBLICATION, DISTRIBUTION, ETC.
Place of publication, distribution, etc. New York :
Name of publisher, distributor, etc. Scholastic ,
Date of publication, distribution, etc. 1962.
300 ## - PHYSICAL DESCRIPTION
Extent 122 pages :
Other physical details illustrations ;
Dimensions 20 cm .
490 ## - SERIES STATEMENT
Series statement Apple Classic
520 ## - SUMMARY, ETC.
Summary, etc. A miser learns the true meaning of Christmas when three ghostly visitors review his past and foretell his future.
650 ## - SUBJECT ADDED ENTRY--TOPICAL TERM
Topical term or geographic name entry element Ghost stories
Form subdivision Fiction
650 ## - SUBJECT ADDED ENTRY--TOPICAL TERM
Topical term or geographic name entry element Holidays
Form subdivision Fiction
942 ## - ADDED ENTRY ELEMENTS (KOHA)
Source of classification or shelving scheme Dewey Decimal Classification
Koha item type Books
Suppress in OPAC No
Holdings
Withdrawn status Lost status Source of classification or shelving scheme Damaged status Not for loan Collection Home library Current library Shelving location Date acquired Total Checkouts Full call number Barcode Date last seen Price effective from Koha item type
    Dewey Decimal Classification     Fiction Footprints International School Library Network Toul Tom Poung Campus Footprints International School Library Network Toul Tom Poung Campus TTP Secondary Fiction Bookshelves 06/11/2025   DIC 823.83 PR4572 .C68 2025-1575 06/11/2025 06/11/2025 Books